first countries to recognize pakistan - Statistics

General Stats
  • This quiz has been taken 108 times
  • The average score is 17 of 45
Answer Stats
Answer % Correct
7. united states
93%
14. china
87%
1. iran
86%
3. saudi arabia
81%
8. canada
75%
2. turkey
73%
12. japan
66%
30. egypt
65%
23. brazil
60%
9. mexico
59%
15. australia
53%
13. malaysia
52%
11. soviet union
52%
5. syria
49%
24. argentina
42%
28. chile
42%
16. new zealand
42%
25. thailand
42%
26. vietnam
41%
4. jordan
39%
43. philippines
39%
39. nepal
37%
29. kuwait
36%
31. laos
36%
19. mongolia
36%
44. cambodia
34%
22. burma
33%
35. cuba
30%
18. norway
27%
17. brunei
25%
41. ethiopia
25%
27. singapore
25%
6. palestine
23%
36. ecuador
19%
34. tunisia
19%
32. kenya
16%
21. switzerland
16%
20. iceland
14%
10. vatican city
8%
42. djibouti
6%
37. tonga
4%
45. liechtenstein
2%
40. cameroon
1%
33. monaco
1%
38. seychelles
1%
No matching quizzes found
Score Distribution
Percent of People with Each Score
Percentile by Number Answered
Your Score History
You have not taken this quiz